| 000 | 00672nam a2200193Ia 4500 | ||
|---|---|---|---|
| 005 | 20260429112039.0 | ||
| 008 | 260429s9999||||xx |||||||||||||| ||und|| | ||
| 020 | _a9789384640897 | ||
| 041 | _aHindi | ||
| 082 |
_a891.4309 _bMIS |
||
| 100 | _aमिश्रा, सुधांशु | ||
| 245 | 0 |
_aअस्मितामूलक विमर्श और हिंदी साहित्य / _cसुधांशु मिश्रा |
|
| 250 | _a1st ed. | ||
| 260 |
_aदिल्ली : _bएकैडमिक पब्लिकेशन, _c2023. |
||
| 300 | _a280 p.; Hb | ||
| 650 | _aHindi Literature | ||
| 700 | _a नीलमणि | ||
| 942 | _cTB | ||
| 999 |
_c52075 _d52075 |
||